000 00538nam a2200193Ia 4500
005 20230506114206.0
008 131103s9999 xx 000 0 und d
040 _aLoreto College
041 _aEnglish
082 _aTAG 891.44
_bTAG-BIS
100 _aBisi, Pramathanath
245 _aRabindra-sarani
_cPramathanath Bisi
260 _aCalcutta
_bMitra O Ghosh
_c1967
300 _a426p
650 _aTagore, Rabindranath, 1861-1941 - Criticism and Interpretation
651 _aBengali Literature
850 _aLCLIB
942 _cBK
999 _c16913
_d67392